00543 2200157 4500245009300000020002200093250001000115100002400125005001900149260004100168041001400209084001200223500007500235490006600310336000900376 aENSIKLOPEDI KEMUJIZATAN ILMIAH DALAM AL-QURAN DAN SUNAH VOL.5cYUSUF AL-HAJJ AHMADhText a978-6-02-841500-5 aCet.1 aYUSUF AL-HAJJ AHMAD a20240826120923 aJakartabMAKTABAH IBNU HAJAR, SURIAH aIndonesia a297.114 aDaftar isi : air zam zam,kurma antara agama dan ilmu pengetahuan, madu aENSIKLOPEDI KEMUJIZATAN ILMIAH DALAM AL-QURAN DAN SUNAH VOL.5 atext